Регионална библиотека "Любен Каравелов" - Русе

Мисли върху социализма (Запис номер 403635)

MARC детайли
000 -Лидер
Контролно поле с фиксирана дължина 00952nam a2200265 c 4500
003 - Код на организацията, давaща контролен номер
Контролно поле BLK
005 - Дата и час на последна редакция
Контролно поле 20210402091003.0
008 - Елементи от данни с фиксирана дължина
fixed length control field 180411b bul|||||r ||||||| ||bul||
040 ## - Източник на каталожния запис
Идентификатор на билиотеката - собственик на записа BLK
041 ## - Код за език
Код за езика на текст/звукозапис или на отделно заглавие Български
Код за езика КДБФ Български
080 ## - УДК
Текстов определител УДК Комунистически партии. Вж и 327.323
УДК код - определител по УДК 329.15
УДК - код + определител 329.15
100 ## - Редна дума - Автор
Автор Анастасов, Димитър Иванов
Авторска отговорност първи автор
R(LIN) 445227
139 ## - Редно поле
Редна дума Анастасов, Димитър Иванов
245 10 - Сведения за заглавието
Заглавие Мисли върху социализма
Подзаглавни данни Резюме на няколко сказки, държани в Женева и в Старозагорски раб. клуб
Редно поле (дума) Д. Майкин
257 ## - Страна на издаване
Страна на създаване/издаване България
260 ## - Област на издателските данни
Име на издателя, разпространителя и проч. Светлина
Година на издаване 1898
9 (RLIN) 211897
Място на издаване, разпространение и проч. Ст. Загора
Издателство - префикс ISBN 978-954-8850-
300 ## - Физическа характеристика
Страници 89 с.
Размери/Мащаб 21 см
380 ## - Жанр
Жанр Обществени науки
490 ## - СЕРИИ (Колекции)
9 (RLIN) 207387
Име на серия Работническа библиотека
№: серия 2
490 ## - СЕРИИ (Колекции)
9 (RLIN) 435080
Име на серия Колекция Редки и ценни издания
500 ## - Общи забележки
Забележка Д. Майкин - псевд. на Димитър Иванов Анастасов.
650 #0 - Допълнително описание по предмет – тема
9 (RLIN) 243410
Основно описание – тема или топоним Социализъм - теория
852 ## - Местоположение
Форматна сигнатура Цб Рб 898
856 4# - Електронен адрес и достъп
Електронен формат pdf - файл
856 4# - Електронен адрес и достъп
Електронен формат pdf - файл
999 ## - СИСТЕМНИ КОНТРОЛНИ НОМЕРА
Koha biblionumber 403635
Koha biblioitemnumber 403635
942 ## - АРТИКУЛИ
Вид на библиотечния материал Книги
Скрит в OPAC Не
Периодичен библиозапис Да
944 ## - СЪЗДАВАНЕ И РЕДАКЦИЯ на ЗАПИСА
Създаване/Редакция Създаване
Дата на регистрацията/редакция 2021-03-29
Служител, извършил регистрацията/редакцията НР
999 ## - СИСТЕМНИ КОНТРОЛНИ НОМЕРА
Koha biblioitemnumber 403635
Наличности
Код за отписване Код за изгубен артикул Източник на класификационната схема Код за повреда Коз за рестрикции Код за отдаване Артикулен № Име на библиотеката - собственик Име на библиотеката, в която се намира в момента Статус (Текущо местоположение) Дата на вписване в системата Местоположение - отдел Цена в лева Инвентарен номер Систематично азбучна сигнатура Баркод Цена в евро Служебен тип на артикула
  Не е изгубен Universal Decimal Classification Не е повреден само за читалня Специални фондове ( старопечатни, редки и ценни, фонд М. Арнаудов) 854053 Регионална библиотека "Любен Каравелов" Русе Регионална библиотека "Любен Каравелов" Русе Редки и ценни 2021-09-23 Редки и ценни 0.07 12560 Рб 898 900000078411 0.04 Книги
Vip Innovations Ltd, Rousse, Bulgaria 2025